Normal view MARC view
  • Alter, Jonathan

Entry Personal Name

Number of records used in: 1

001 - CONTROL NUMBER

  • control field: 97264

003 - CONTROL NUMBER IDENTIFIER

  • control field: NUST

005 - DATE AND TIME OF LATEST TRANSACTION

  • control field: 20220815165312.0

008 - FIXED-LENGTH DATA ELEMENTS

  • fixed length control field: 220815|| aca||aabn | a|a d

040 ## - CATALOGING SOURCE

  • Original cataloging agency: NUST
  • Transcribing agency: NUST

100 ## - HEADING--PERSONAL NAME

  • Personal name: Alter, Jonathan

670 ## - SOURCE DATA FOUND

  • Source citation: Work cat.: (NUST)0: Alter, Jonathan, author., His Very Best :
© 2023 Central Library, National University of Sciences and Technology. All Rights Reserved.